000 00807nam a2200241 a 4500
001 24779
003 BD-RjUL
005 20211209001110.0
008 140315r1953 enk 001 0 eng d
035 _a(BD-RjUL)24848
040 _aCIN
_beng
_cBD-RjUL
_dBD-RjUL
041 _aeng
082 _a941.0810924
_bKES 1953
100 1 _aKennedy, A. L.
_q(Aubrey Leo),
_d1885-
_976275
245 1 0 _aSalisbury, 1830-1903 :
_bportrait of a statesman /
_cby A.L. Kennedy.
260 _aLondon :
_bJohn Murray,
_c1953.
300 _axiv, 409 p. :
_bill., ports., facsim. ;
_c22 cm.
504 _aBibliography: p. 395-396 and index.
600 1 0 _aSalisbury, Robert Cecil,
_cMarquess of,
_d1830-1903.
_976278
650 _aSalisbury, Robert Cecil, Marquess of, 1830-1903
_976277
942 _2ddc
_cBK
999 _c24779
_d24779